| 000 | 00617nam a22002057a 4500 | ||
|---|---|---|---|
| 999 |
_c20722 _d20722 |
||
| 003 | AR-CdUCM | ||
| 008 | 190604b ||||| |||| 00| 0 spa d | ||
| 040 |
_aMUNICIPALIDAD PROVINCIAL DEL CUSCO _cBIBLIOTECA MUNICIPAL DEL CUSCO |
||
| 082 |
_a869.03 / _bW17 |
||
| 100 |
_aWainerman, Luis _943284 |
||
| 245 | _aSabato y el misterio de los ciegos / | ||
| 260 |
_aBuenos Aires : _bLosada, _c1971. |
||
| 300 |
_a137 páginas _c19 cm. |
||
| 440 |
_aBiblioteca de estudios literarios _943285 |
||
| 505 | _aContenido : Novela. | ||
| 650 |
_aLiteratura _983 |
||
| 650 |
_aNovela _95 |
||
| 942 |
_2ddc _cLIBROS |
||
| 945 | _arcc | ||